[Event "Skopje op-B"]
[Site "Skopje"]
[Date "2023.12.08"]
[Round "3"]
[White "Tabakovski, Dino"]
[Black "Milev, Darko"]
[Result "1/2-1/2"]
[WhiteElo "1797"]
[BlackElo "1331"]
[PlyCount "120"]
[EventDate "2023.12.06"]
[EventType "swiss"]
[EventRounds "9"]
[EventCountry "MKD"]
[SourceTitle "CB51_2023"]
[SourceDate "2023.12.20"]
[SourceVersion "1"]
[SourceVersionDate "2023.12.20"]
[SourceQuality "1"]

1. d4 d5 2. c4 e5 3. dxe5 d4 4. a3 Nc6 5. e3 Bf5 6. exd4 Nxd4 7. Bd3 Bg6 8. Bxg6 hxg6 9. Nf3 Nxf3+ 10. Qxf3 c6 11. Nc3 Qd4 12. 0-0 Qxc4 13. Bg5 Be7 14. Ne4 Qe6 15. Nd6+ Kf8 16. Bf4 Rb8 17. Rad1 Nh6 18. Rd3 g5 19. Bg3 g6 20. Rfd1 Kg7 21. Rb3 g4 22. Qc3 Rhd8 23. Re1 Rd7 24. Rb4 Kg8 25. Rd1 Nf5 26. Qb3 Qxb3 27. Rxb3 Rbd8 28. Re1 Nxg3 29. hxg3 Bxd6 30. exd6 b6 31. Rb4 f5 32. Ra4 Kf7 33. Rc1 c5 34. b4 cxb4 35. axb4 Kf6 36. f3 Rxd6 37. Rxa7 Rd1+ 38. Rxd1 Rxd1+ 39. Kf2 Rb1 40. Ra4 Rb2+ 41. Kf1 gxf3 42. gxf3 Ke5 43. Ra8 Rxb4 44. Ke2 Rb2+ 45. Kd3 Rg2 46. f4+ Kd5 47. Rd8+ Kc5 48. Rc8+ Kb5 49. Kd4 Rxg3 50. Ke5 Re3+ 51. Kf6 Re4 52. Kg5 Kb4 53. Rc6 b5 54. Rxg6 Kc3 55. Kxf5 Rc4 56. Rb6 b4 57. Ke5 b3 58. f5 b2 59. Rxb2 Kxb2 60. f6 Kc3 1/2-1/2

[Event "Skopje op-B"]
[Site "Skopje"]
[Date "2023.12.06"]
[Round "1"]
[White "Tabakovski, Dino"]
[Black "Achkoski, Petar"]
[Result "1-0"]
[WhiteElo "1797"]
[BlackElo "1232"]
[PlyCount "97"]
[EventDate "2023.12.06"]
[EventType "swiss"]
[EventRounds "9"]
[EventCountry "MKD"]
[SourceTitle "CB51_2023"]
[SourceDate "2023.12.20"]
[SourceVersion "1"]
[SourceVersionDate "2023.12.20"]
[SourceQuality "1"]

1. d4 Nf6 2. c4 e6 3. Nc3 d5 4. cxd5 Nxd5 5. e4 Nxc3 6. bxc3 c5 7. Nf3 cxd4 8. cxd4 Be7 9. Bb5+ Nd7 10. 0-0 0-0 11. Bf4 a6 12. Bd3 Nf6 13. Rc1 Bd7 14. Bc7 Qe8 15. Be5 Bc6 16. Qe2 Rd8 17. Nd2 Nd7 18. Bg3 Nf6 19. Nb3 Qd7 20. Rfd1 Rfe8 21. Bh4 Kh8 22. Bb1 Ng8 23. Bg3 Nf6 24. Rc3 Bb4 25. Re3 Bb5 26. Qf3 e5 27. Bh4 Ng4 28. Bxd8 Nxe3 29. fxe3 Rxd8 30. Qh5 Qe6 31. Rc1 g6 32. Qf3 Kg7 33. Rc7 Rd7 34. Rc1 Bd6 35. Qf2 Rc7 36. Rxc7 Bxc7 37. Qc2 Qc6 38. Qb2 Bb6 39. Nd2 Qe6 40. Bc2 Qd6 41. Nf3 exd4 42. exd4 f6 43. Bb3 g5 44. Kh1 h6 45. Qc3 Qc6 46. Qe3 g4 47. Nh4 Bd8 48. Nf5+ Kf8 49. Qxh6+ 1-0

[Event "FRM-ch U18"]
[Site "Struga"]
[Date "2023.06.19"]
[Round "3"]
[White "Tabakovski, Dino"]
[Black "Velkoski, Stojan"]
[Result "0-1"]
[WhiteElo "1859"]
[BlackElo "1936"]
[PlyCount "90"]
[EventDate "2023.06.17"]
[EventType "swiss"]
[EventRounds "6"]
[EventCountry "MKD"]
[SourceTitle "EXT 2024"]
[Source "ChessBase"]
[SourceDate "2023.10.10"]
[SourceVersion "1"]
[SourceVersionDate "2023.10.10"]
[SourceQuality "1"]

1. d4 e6 2. c4 Nf6 3. Nc3 Bb4 4. f3 c5 5. d5 d6 6. e4 0-0 7. Bd2 exd5 8. exd5 Re8+ 9. Nge2 Nbd7 10. Kf2 Ne5 11. Ng3 Neg4+ 12. Kg1 Ne3 13. Qc1 Nxf1 14. Qxf1 b5 15. a3 Ba5 16. Kf2 Rb8 17. Rb1 Ba6 18. Qd3 bxc4 19. Qc2 Bxc3 20. bxc3 Bb7 21. Bg5 Ng4+ 22. fxg4 Qxg5 23. Rhe1 Rxe1 24. Rxe1 Qxd5 25. Kg1 g6 26. Ne4 Kg7 27. Qf2 Re8 28. Qf6+ Kg8 29. g5 Re6 30. h4 Qc6 31. Qd8+ Kg7 32. h5 gxh5 33. Kf2 Rxe4 34. Qf6+ Kf8 35. Rxe4 Qxe4 36. Qd8+ Qe8 37. Qxd6+ Qe7 38. Qh6+ Ke8 39. Qxh5 Qe4 40. Qh2 Qc2+ 41. Kf1 Qxg2+ 42. Qxg2 Bxg2+ 43. Kxg2 Ke7 44. Kf3 Ke6 45. Ke4 f6 0-1

[Event "FRM-ch U18"]
[Site "Struga"]
[Date "2023.06.17"]
[Round "1"]
[White "Nikolovski, Branko Nikola"]
[Black "Tabakovski, Dino"]
[Result "0-1"]
[WhiteElo "1446"]
[BlackElo "1859"]
[PlyCount "56"]
[EventDate "2023.06.17"]
[EventType "swiss"]
[EventRounds "6"]
[EventCountry "MKD"]
[SourceTitle "EXT 2024"]
[Source "ChessBase"]
[SourceDate "2023.10.10"]
[SourceVersion "1"]
[SourceVersionDate "2023.10.10"]
[SourceQuality "1"]

1. e4 c5 2. Nf3 e6 3. d4 cxd4 4. Nxd4 Nc6 5. c4 Nf6 6. Nc3 Bb4 7. Nxc6 bxc6 8. Bd3 Qc7 9. 0-0 0-0 10. Qe2 d5 11. cxd5 exd5 12. exd5 Re8 13. Qc2 Bd6 14. h3 cxd5 15. Bg5 Ne4 16. Rfe1 Bb7 17. Bb5 Re6 18. Be3 d4 19. Bxd4 Rd8 20. Be3 Bh2+ 21. Kf1 Rf6 22. f3 Ng3+ 23. Kf2 Nf5 24. Re2 Bxf3 25. gxf3 Qg3+ 26. Kf1 Nxe3+ 27. Rxe3 Qg1+ 28. Ke2 Qg2+ 0-1

[Event "Skopje op"]
[Site "Skopje"]
[Date "2022.10.27"]
[Round "9"]
[White "Tabakovski, Dino"]
[Black "Trajkovski, Mile"]
[Result "0-1"]
[WhiteElo "1722"]
[BlackElo "1944"]
[PlyCount "82"]
[EventDate "2022.10.21"]
[EventType "swiss"]
[EventRounds "9"]
[EventCountry "MKD"]
[SourceTitle "EXT 2024"]
[Source "ChessBase"]
[SourceDate "2023.10.10"]
[SourceVersion "1"]
[SourceVersionDate "2023.10.10"]
[SourceQuality "1"]

1. d4 f5 2. c4 Nf6 3. g3 e6 4. Bg2 d5 5. cxd5 exd5 6. Bf4 c6 7. Nc3 Bd6 8. Nh3 0-0 9. Bxd6 Qxd6 10. Nf4 g5 11. Nd3 Be6 12. Qd2 f4 13. h4 Ne4 14. Nxe4 dxe4 15. Bxe4 Qxd4 16. Bxh7+ Kxh7 17. hxg5+ Kg7 18. gxf4 Bf5 19. Qe3 Qxe3 20. fxe3 Nd7 21. Kf2 Rh8 22. Kf3 Rae8 23. Nf2 Rxh1 24. Rxh1 Nc5 25. Rd1 Ne4 26. Nxe4 Bxe4+ 27. Kg4 Bd5 28. Rd3 Re4 29. Kf5 Ra4 30. Ke5 Re4+ 31. Kf5 a5 32. Ra3 a4 33. Rd3 Re7 34. Kg4 Bxa2 35. f5 Re4+ 36. Kh5 Bd5 37. Rd4 b5 38. Rxe4 Bxe4 39. Kg4 b4 40. Kf4 Bxf5 41. Kxf5 a3 0-1

[Event "Skopje op"]
[Site "Skopje"]
[Date "2022.10.25"]
[Round "7"]
[White "Tabakovski, Dino"]
[Black "Dimkovski, Stojancho"]
[Result "1-0"]
[WhiteElo "1722"]
[BlackElo "1981"]
[PlyCount "59"]
[EventDate "2022.10.21"]
[EventType "swiss"]
[EventRounds "9"]
[EventCountry "MKD"]
[SourceTitle "EXT 2024"]
[Source "ChessBase"]
[SourceDate "2023.10.10"]
[SourceVersion "1"]
[SourceVersionDate "2023.10.10"]
[SourceQuality "1"]

1. d4 Nf6 2. c4 e6 3. Nc3 Bb4 4. f3 d5 5. a3 Be7 6. cxd5 exd5 7. e4 dxe4 8. fxe4 0-0 9. Nf3 Re8 10. e5 Nd5 11. Qc2 Bg4 12. Nxd5 Qxd5 13. Bc4 Qd7 14. 0-0 Rf8 15. Qe4 c6 16. Bd3 g6 17. Ng5 Bf5 18. Rxf5 Qxf5 19. Qe2 Qd7 20. Nxh7 Qxd4+ 21. Be3 Qxe5 22. Nxf8 Bxf8 23. Qf2 Bg7 24. Bc4 Qf6 25. Qd2 Na6 26. Rf1 Qe5 27. Rxf7 Kh7 28. Bd4 Rd8 29. Bxe5 Rxd2 30. Rxg7+ 1-0

[Event "FRM-ch U18"]
[Site "Struga"]
[Date "2022.06.20"]
[Round "3"]
[White "Nikolovski, Branko Nikola"]
[Black "Tabakovski, Dino"]
[Result "0-1"]
[WhiteElo "1321"]
[BlackElo "1697"]
[PlyCount "41"]
[EventDate "2022.06.18"]
[EventType "swiss"]
[EventRounds "7"]
[EventCountry "MKD"]
[SourceTitle "EXT 2023"]
[Source "ChessBase"]
[SourceDate "2022.10.05"]
[SourceVersion "1"]
[SourceVersionDate "2022.10.05"]
[SourceQuality "1"]

1. e4 c5 2. Nf3 e6 3. d4 cxd4 4. Nxd4 Nc6 5. c4 Nf6 6. Nc3 Bb4 7. f3 d5 8. cxd5 exd5 9. Bb5 Bd7 10. Bxc6 Bxc6 11. e5 Ng8 12. 0-0 Ne7 13. Kh1 0-0 14. a3 Bxc3 15. bxc3 a5 16. Nb3 Ba4 17. c4 Rb8 18. Rb1 Qb6 19. Bg5 Ng6 20. Qe2 Bxb3 21. cxd5 0-1

[Event "FRM-ch U18"]
[Site "Struga"]
[Date "2022.06.18"]
[Round "1"]
[White "Tabakovski, Dino"]
[Black "Rovchanin, Filip"]
[Result "1-0"]
[WhiteElo "1697"]
[BlackElo "1007"]
[PlyCount "97"]
[EventDate "2022.06.18"]
[EventType "swiss"]
[EventRounds "7"]
[EventCountry "MKD"]
[SourceTitle "EXT 2023"]
[Source "ChessBase"]
[SourceDate "2022.10.05"]
[SourceVersion "1"]
[SourceVersionDate "2022.10.05"]
[SourceQuality "1"]

1. d4 d5 2. c4 c6 3. cxd5 cxd5 4. Nc3 Nf6 5. Bf4 Bf5 6. e3 e6 7. Bb5+ Nc6 8. Nf3 Bd6 9. Ne5 Bxe5 10. Bxe5 0-0 11. Bg3 a6 12. Be2 Ne4 13. Nxe4 Bxe4 14. 0-0 Ne7 15. h3 Nf5 16. Bh2 Qg5 17. Bf3 Bxf3 18. Qxf3 Nh4 19. Qg4 Qxg4 20. hxg4 Ng6 21. Rfc1 Rfc8 22. Bc7 Ne7 23. Rc3 Nc6 24. Bd6 Na7 25. Rac1 Rxc3 26. bxc3 Nb5 27. Bc5 Rc8 28. a4 Nc7 29. Kf1 Ne8 30. Rb1 Rc7 31. g5 f5 32. gxf6 gxf6 33. Ke2 Ng7 34. Kd3 Kf7 35. g4 f5 36. gxf5 Nxf5 37. e4 dxe4+ 38. Kxe4 Kf6 39. Rh1 Rg7 40. Bb6 h6 41. Bd8+ Kf7 42. Rb1 Kg6 43. Ke5 Rh7 44. Kxe6 h5 45. Rg1+ Kh6 46. Kxf5 Rf7+ 47. Bf6 h4 48. Rh1 Kh5 49. Rxh4# 1-0

[Event "FRM-ch op"]
[Site "Skopje"]
[Date "2022.05.04"]
[Round "8"]
[White "Tabakovski, Dino"]
[Black "Kralevski, Aleksander"]
[Result "1/2-1/2"]
[WhiteElo "1580"]
[BlackElo "2058"]
[PlyCount "49"]
[EventDate "2022.04.29"]
[EventType "swiss"]
[EventRounds "9"]
[EventCountry "MKD"]
[SourceTitle "CBM 208 Extra"]
[Source "ChessBase"]
[SourceDate "2022.07.31"]
[SourceVersion "1"]
[SourceVersionDate "2022.07.31"]
[SourceQuality "1"]

1. d4 d5 2. c4 c6 3. cxd5 cxd5 4. Bf4 Nc6 5. e3 Nf6 6. Nc3 Bf5 7. Qb3 Na5 8. Bb5+ Bd7 9. Qa4 Nc6 10. Nf3 e6 11. 0-0 Be7 12. Ne5 Nxe5 13. Bxe5 a6 14. Bxd7+ Qxd7 15. Qxd7+ Kxd7 16. Na4 Rad8 17. Rfc1 Bd6 18. Nb6+ Ke7 19. Bxd6+ Kxd6 20. Kf1 Nd7 21. Nxd7 Kxd7 22. Rc3 Rc8 23. Rac1 Rc6 24. Ke2 Rhc8 25. Rxc6 1/2-1/2

[Event "FRM-ch op"]
[Site "Skopje"]
[Date "2022.05.03"]
[Round "7"]
[White "Miskoski, Misko"]
[Black "Tabakovski, Dino"]
[Result "0-1"]
[WhiteElo "1956"]
[BlackElo "1580"]
[PlyCount "112"]
[EventDate "2022.04.29"]
[EventType "swiss"]
[EventRounds "9"]
[EventCountry "MKD"]
[SourceTitle "CBM 208 Extra"]
[Source "ChessBase"]
[SourceDate "2022.07.31"]
[SourceVersion "1"]
[SourceVersionDate "2022.07.31"]
[SourceQuality "1"]

1. d4 Nf6 2. c4 g6 3. Nc3 Bg7 4. e4 d6 5. f4 0-0 6. Nf3 c5 7. dxc5 Qa5 8. Bd3 Qxc5 9. Qe2 Bg4 10. Be3 Qa5 11. 0-0 Nc6 12. Rac1 Nd7 13. Qf2 Bxf3 14. gxf3 Nc5 15. Bb1 Na4 16. Nxa4 Qxa4 17. Rfd1 Rfd8 18. b3 Qa3 19. Rc2 Nb4 20. Bc1 Qa6 21. Rcd2 Qb6 22. Qxb6 axb6 23. a4 Bc3 24. Re2 Na6 25. h4 Nc5 26. Bc2 Ne6 27. Be3 Ra6 28. h5 Kg7 29. Rh2 Rh8 30. h6+ Kf6 31. Rd3 Bb2 32. Rd5 Ra5 33. Bxb6 Rxd5 34. exd5 Nxf4 35. Be3 Be5 36. Rh4 Ne2+ 37. Kf2 g5 38. Bxg5+ Kxg5 39. Rg4+ Kxh6 40. Kxe2 Bc3 41. Kd3 Bb4 42. Kd4 Rf8 43. Rh4+ Kg5 44. Rxh7 Kf4 45. Bd1 b6 46. Kd3 e5 47. Rh4+ Kf5 48. Bc2 Kf6 49. f4 exf4 50. Rxf4+ Kg5 51. Rf1 f5 52. Ke3 Re8+ 53. Kf3 Bc5 54. Kg3 Re3+ 55. Rf3 f4+ 56. Kf2 Rc3+ 0-1

[Event "FRM-ch op"]
[Site "Skopje"]
[Date "2022.05.02"]
[Round "5"]
[White "Veljanoski, Andrej"]
[Black "Tabakovski, Dino"]
[Result "1-0"]
[WhiteElo "2200"]
[BlackElo "1580"]
[PlyCount "51"]
[EventDate "2022.04.29"]
[EventType "swiss"]
[EventRounds "9"]
[EventCountry "MKD"]
[SourceTitle "CBM 208 Extra"]
[Source "ChessBase"]
[SourceDate "2022.07.31"]
[SourceVersion "1"]
[SourceVersionDate "2022.07.31"]
[SourceQuality "1"]

1. e4 c5 2. Nf3 e6 3. d4 cxd4 4. Nxd4 Nc6 5. Nc3 Qc7 6. g3 a6 7. Bg2 Bb4 8. 0-0 Bxc3 9. bxc3 Nge7 10. Ba3 Na5 11. Qg4 g6 12. Qg5 d6 13. Bxd6 Qxd6 14. Qxa5 Nc6 15. Nxc6 Qxc6 16. e5 Qb5 17. Qc7 Qd7 18. Qb6 0-0 19. Rad1 Qb5 20. Qc7 a5 21. c4 Qa4 22. Rd8 Rxd8 23. Qxd8+ Kg7 24. Rd1 Qxc2 25. Qf6+ Kh6 26. Rd4 1-0

[Event "Struga Youth op-A 2nd"]
[Site "Struga"]
[Date "2021.09.09"]
[Round "2"]
[White "Zeneli, Klendi"]
[Black "Tabakovski, Dino"]
[Result "1-0"]
[WhiteElo "1645"]
[BlackElo "1395"]
[PlyCount "89"]
[EventDate "2021.09.08"]
[EventType "swiss"]
[EventRounds "7"]
[EventCountry "MKD"]
[SourceTitle "CBM 204 Extra"]
[Source "ChessBase"]
[SourceDate "2021.11.30"]
[SourceVersion "1"]
[SourceVersionDate "2021.11.30"]
[SourceQuality "1"]

1. e4 c5 2. c3 d5 3. exd5 Qxd5 4. Nf3 Nc6 5. Na3 Bg4 6. Be2 e6 7. 0-0 Nf6 8. d4 cxd4 9. Nb5 Qd7 10. Nbxd4 Nxd4 11. Nxd4 Bxe2 12. Qxe2 Bc5 13. Rd1 0-0 14. Nb3 Qe7 15. Nxc5 Qxc5 16. Be3 Qe5 17. Qf3 Qb5 18. b3 a5 19. c4 Qb4 20. Bd4 Qe7 21. Bxf6 gxf6 22. Rd4 f5 23. Rad1 Rfd8 24. Qd3 Rxd4 25. Qxd4 a4 26. h3 axb3 27. axb3 Qa3 28. Qb6 Qa6 29. Qb4 Qc6 30. Qe7 Qe4 31. Qg5+ Kf8 32. Kh2 Qe5+ 33. f4 Qe3 34. Rd7 Re8 35. Rxb7 e5 36. Qxf5 Qxf4+ 37. Qxf4 exf4 38. Kg1 Re2 39. b4 Rb2 40. c5 Ke8 41. b5 Kd8 42. b6 Rb5 43. Rc7 h5 44. Kf2 f6 45. Kf3 1-0

[Event "FRM-ch op"]
[Site "Struga"]
[Date "2021.07.25"]
[Round "3"]
[White "Velkovski, Zoran"]
[Black "Tabakovski, Dino"]
[Result "1/2-1/2"]
[WhiteElo "1506"]
[BlackElo "1325"]
[PlyCount "78"]
[EventDate "2021.07.24"]
[EventType "swiss"]
[EventRounds "9"]
[EventCountry "MKD"]
[SourceTitle "CBM 203 Extra"]
[Source "ChessBase"]
[SourceDate "2021.09.30"]
[SourceVersion "1"]
[SourceVersionDate "2021.09.30"]
[SourceQuality "1"]

1. d4 Nf6 2. c4 g6 3. Nc3 Bg7 4. Bf4 c5 5. e3 0-0 6. Nf3 d6 7. Be2 Nh5 8. Bg3 Nc6 9. d5 Nxg3 10. hxg3 Ne5 11. e4 Qa5 12. Qd2 Nxf3+ 13. gxf3 a6 14. 0-0 Bh3 15. Rfd1 Bd7 16. Kg2 b5 17. Rh1 Rfb8 18. Rh6 bxc4 19. Rah1 Qd8 20. Rxh7 Qf8 21. Bxc4 Rb4 22. Bb3 c4 23. Bd1 Rab8 24. Qf4 f6 25. Qh4 Kf7 26. Qh6 Rxb2 27. Ne2 Rxe2 28. Bxe2 c3 29. Bxa6 Rb2 30. Bc4 Ba4 31. Qc1 Rc2 32. Qh6 Rb2 33. Rc1 c2 34. Bb3 Bxb3 35. axb3 Qg8 36. b4 g5 37. b5 Kf8 38. Qg6 Qf7 39. Qf5 Qe8 1/2-1/2

[Event "EU-ch Amateur Online 1400/1700"]
[Site "Tornelo INT"]
[Date "2021.04.17"]
[Round "6"]
[White "Shahaj, Arjan"]
[Black "Tabakovski, Dino"]
[Result "0-1"]
[WhiteElo "1575"]
[BlackElo "1298"]
[PlyCount "66"]
[EventDate "2021.04.17"]
[EventType "swiss (rapid)"]
[EventRounds "8"]
[EventCountry "NET"]
[SourceTitle "EXT 2023"]
[Source "ChessBase"]
[SourceDate "2022.10.05"]
[SourceVersion "1"]
[SourceVersionDate "2022.10.05"]
[SourceQuality "1"]

1. e4 c5 2. Nf3 e6 3. d3 Nc6 4. Be2 Qc7 5. c3 Nf6 6. 0-0 Be7 7. Na3 a6 8. Be3 0-0 9. Rc1 b5 10. c4 bxc4 11. Nxc4 d5 12. Ncd2 d4 13. Bg5 h6 14. Bxf6 Bxf6 15. Nb3 Be7 16. Qd2 Qb6 17. Qc2 Nb4 18. Qc4 Nxa2 19. Ra1 Nb4 20. Rfc1 Bb7 21. Ne5 Rfc8 22. Na5 Rc7 23. b3 Bc8 24. Ra4 Raa7 25. Nac6 Nxc6 26. Nxc6 Qxc6 27. Qxd4 cxd4 28. Rxc6 Rxc6 29. g3 e5 30. Kg2 Rb6 31. Bd1 Be6 32. b4 Rxb4 33. Rxb4 Bxb4 0-1

[Event "FRM-ch U16"]
[Site "Ohrid"]
[Date "2020.08.29"]
[Round "9"]
[White "Tabakovski, Dino"]
[Black "Lusheski, Konstantin"]
[Result "1/2-1/2"]
[WhiteElo "1279"]
[BlackElo "1463"]
[PlyCount "68"]
[EventDate "2020.08.25"]
[EventType "tourn"]
[EventRounds "9"]
[EventCountry "MKD"]
[SourceTitle "CBM 198 Extra"]
[Source "ChessBase"]
[SourceDate "2020.11.30"]
[SourceVersion "1"]
[SourceVersionDate "2020.11.30"]
[SourceQuality "1"]

1. d4 Nf6 2. c4 c5 3. d5 b5 4. Qc2 bxc4 5. e4 d6 6. Bxc4 g6 7. Nc3 Bg7 8. Nf3 Nbd7 9. 0-0 0-0 10. Bd2 Rb8 11. Ne1 Ne8 12. Nd3 Nb6 13. Bb5 Nc7 14. Bc6 Ba6 15. f4 Nc4 16. Rf3 Nxd2 17. Qxd2 Nb5 18. Rg3 Qa5 19. Rc1 Nd4 20. f5 Bxd3 21. Rxd3 Nxc6 22. dxc6 Bxc3 23. bxc3 c4 24. Rh3 Qe5 25. Rf1 Rfc8 26. Qh6 Qg7 27. Qg5 Rc7 28. fxg6 hxg6 29. Rhf3 e6 30. h4 a6 31. h5 gxh5 32. Qxh5 Rb5 33. Qh2 Rg5 34. Rh3 Rxc6 1/2-1/2

[Event "FRM-ch U16"]
[Site "Ohrid"]
[Date "2020.08.27"]
[Round "4"]
[White "Tabakovski, Dino"]
[Black "Nikolovski, Branko Nikola"]
[Result "1-0"]
[WhiteElo "1279"]
[BlackElo "1291"]
[PlyCount "57"]
[EventDate "2020.08.25"]
[EventType "tourn"]
[EventRounds "9"]
[EventCountry "MKD"]
[SourceTitle "CBM 198 Extra"]
[Source "ChessBase"]
[SourceDate "2020.11.30"]
[SourceVersion "1"]
[SourceVersionDate "2020.11.30"]
[SourceQuality "1"]

1. d4 Nf6 2. c4 e6 3. Nc3 Bb4 4. f3 d5 5. a3 Bxc3+ 6. bxc3 0-0 7. e3 c5 8. cxd5 exd5 9. Bd3 Re8 10. Ne2 Nc6 11. 0-0 a6 12. Re1 h6 13. Ng3 cxd4 14. cxd4 Be6 15. Ra2 Rc8 16. Rf2 Kh8 17. Bb2 Na5 18. e4 dxe4 19. fxe4 Bg4 20. Qd2 Rc6 21. d5 Nb3 22. Qf4 g5 23. Bxf6+ Rxf6 24. Qxg4 Rxf2 25. Kxf2 Qf6+ 26. Qf3 Qd4+ 27. Qe3 Qb2+ 28. Qe2 Qf6+ 29. Kg1 1-0